Zahraničný obchod

Bibliographic Details
Corporate Author: Slovensko. Štatistický úrad (Author)
Format: Article
Language:Slovak
PhysicalDescription:Tab.
Subjects:

MARC

LEADER 00000nab a2200000 a 4500
001 vtls000790163
003 SK-MaSNL
005 20260302155921.0
008 180206c2002 xo 0 slo
015 |a SNBRB2002/04-11291 
035 |a CLN000141818 
040 |a SNKBUCL  |b slo  |c SNKBUCL  |e AACR2 
041 0 |a slo 
044 |a xo  |c SK 
080 |a 31:339.5(437.6)  |2 UDC-MRF-SK2 
080 |a 339.5(437.6):31  |2 UDC-MRF-SK2 
110 1 |a Slovensko.  |b Štatistický úrad  |4 aut 
245 0 0 |a Zahraničný obchod  |c Štatistický úrad Slovenskkej republiky 
300 |b Tab. 
650 0 7 |a obchod zahraničný  |z Slovensko  |y január 2002  |x štatistika  |2 snkbucl  |9 855137 
655 7 |a články z novín a časopisov  |2 snkbucl  |9 267496 
773 0 |t Bulletin  |g Č. 1 (2002), s. 16-17 
850 |a Slovenská národná knižnica v Martine 
852 |a SNK  |b KIS3GCP 
958 |a RBX 
999 |c 1373049  |d 1374979